000 01067nam a2200301 a 4500
001 67261
003 BD-RjUL
005 20211209081630.0
008 821214s1983 nyua b 001 0 eng
020 _a0387908196
035 _a(BD-RjUL)67392
040 _aDLC
_cDLC
_dDLC
_dBD-RjUL
_beng
041 _aeng
082 0 0 _223
_a531.32
_bGUN 1983
100 1 _aGuckenheimer, John.
_9199285
245 1 0 _aNonlinear oscillations, dynamical systems, and bifurcations of vector fields /
_cJohn Guckenheimer, Philip Holmes.
260 _aNew York :
_bSpringer-Verlag,
_cc1983.
300 _axvi, 453 p. :
_bill. ;
_c24 cm.
490 1 _aApplied mathematical sciences ;
_vv. 42
504 _aIncludes Bibliography and index.
650 0 _aNonlinear oscillations.
_9156060
650 0 _aDifferentiable dynamical systems.
_9199286
650 0 _aBifurcation theory.
_9199287
650 0 _aVector fields.
_9199288
700 1 _aHolmes, Philip,
_d1945-
_9199289
830 0 _aApplied mathematical sciences (Springer-Verlag New York Inc.) ;
_vv. 42.
_922191
942 _2ddc
_cBK
999 _c67261
_d67261